Nội khoa cơ cở; T1

Na minha lista:
Detalhes bibliográficos
Autor principal: A L Mianikov
Formato: Livro
Idioma:Undetermined
Publicado em: Hà Nội Tổng cục hậu cần - Học viện Quân y 1975
Assuntos:
Tags: Adicionar Tag
Sem tags, seja o primeiro a adicionar uma tag!
Thư viện lưu trữ: Trung tâm Học liệu Trường Đại học Cần Thơ
LEADER 00556nam a2200169Ia 4500
001 CTU_7524
008 210402s9999 xx 000 0 und d
082 |a 616.07 
082 |b M618/T1 
100 |a A L Mianikov 
245 0 |a Nội khoa cơ cở; T1 
245 2 |c A L Mianikov; Dịch giả: Trịnh Kim ảnh 
260 |a Hà Nội 
260 |b Tổng cục hậu cần - Học viện Quân y 
260 |c 1975 
650 |a diagnosis,internal medicine,pathology,therapeutics 
980 |a Trung tâm Học liệu Trường Đại học Cần Thơ